LEADER 03151nam 22005293 450 001 9911027254903321 005 20250730080351.0 010 $a1-912186-94-2 035 $a(CKB)39476548200041 035 $a(MiAaPQ)EBC32223324 035 $a(Au-PeEL)EBL32223324 035 $a(OCoLC)1530376639 035 $a(BIP)122446603 035 $a(BIP)122596834 035 $a(EXLCZ)9939476548200041 100 $a20250730d2025 uy 0 101 0 $aeng 135 $aur||||||||||| 181 $ctxt$2rdacontent 182 $cc$2rdamedia 183 $acr$2rdacarrier 200 10$aMultispecies Ethnography and Artful Methods 205 $a1st ed. 210 1$aWinwick, Cambs., UK :$cWhite Horse Press,$d2025. 210 4$d©2025. 215 $a1 online resource (210 pages) 311 08$a1-912186-93-4 330 $aMultispecies Ethnography and Artful Methods explores the potential of multimodal art practices in doing qualitative research beyond the human. Through artful endeavours such as creative writing, photography, filmmaking, drawing and poetry, the volume aims to overcome the shortcomings of conventional, anthropocentric and logocentric methods in multispecies research. To move beyond the limitations of language and linguistic communication, the contributors build on the long tradition of visual and sensory anthropology while also engaging in and consciously reflecting on innovative, creative and artistic methods. Taking a multispecies and more-than-human perspective - ranging from snow and trees to animals and an AI oracle - the volume investigates ways to touch, speak, listen, feel, walk with and reach across different species.This book and accompanying multimedia website advance the frontier of publishing artful expressions of academic research by highlighting how creative practices can be the very core of data collection, analysis and the communication of research. As such, the artful pieces are not 'just' illustrations of textual representations, but are practised as part of an iterative process of data collection and analysis. The contributions by well-established scholars, early career researchers and postgraduates who carry out new, cutting-edge research offer an engaging range of analytical, methodological and empiric orientations, while conversing at the intersection of multispecies ethnography and artful methods. 606 $aART / Diversity & Multicultural$2bisacsh 606 $aNATURE / Animals / General$2bisacsh 606 $aSOCIAL SCIENCE / Anthropology / Cultural & Social$2bisacsh 615 7$aART / Diversity & Multicultural 615 7$aNATURE / Animals / General 615 7$aSOCIAL SCIENCE / Anthropology / Cultural & Social 676 $a305.8 700 $aPetitt$b Andrea$01849655 701 $aTonnaer$b Anke$01849656 701 $aServais$b Ve?ronique$01849657 701 $aNotermans$b Catrien$01849658 701 $aFijn$b Natasha$01849659 801 0$bMiAaPQ 801 1$bMiAaPQ 801 2$bMiAaPQ 906 $aBOOK 912 $a9911027254903321 996 $aMultispecies Ethnography and Artful Methods$94440126 997 $aUNINA